00496nam a2200229Ia 4500008004000000041000800040082001700048100001700065245004800082250000500130260004000135300001100175650000600186650000800192650001100200650000800211650000700219650001300226650000700239650000600246650001400252210210b2010 xxu||||| |||| 00| 0 eng d aeng a954.035 RAIC aRAI (Suresh) aColonial India: 1856-1885 for BA V sem Ed 2 a aMangalorebUnited Publishersc2010 aiv,200 aV asem aIndia: afor aEd aColonial aBA a2 a1856-1885